000 00845caa a22002417a 4500
999 _c412574
_d412574
001 125350
003 UA-OsUOA
005 20200114093816.0
007 ta
008 20170914b un ||||| |||| 00| 0 ukr d
040 _aUA-OsUOA
_bukr
_cUA-OsUOA
_dUA-OsUOA
041 _aukr
080 _a908
090 _a908
_bА92
100 _aАтаманенко В.
245 _aОписи Острожчини кінця XVI – початку XVIІ ст. як історичне джерело
_cВ. Атаманенко
300 _aС. 106–115
650 7 _a908 Краєзнавство
_2UDC
773 0 _0328173
_9350793
_dОстрог НаУОА 2004
_o99526
_tНаукові записки
_w(UA-OsUOA) 42042
_z966-7631-62-1
942 _cBKA
_2udc
955 _a1